000 02092nam a2200313 a 4500
001 ebr10481063
003 CaPaEBR
006 m u
007 cr cn|||||||||
008 101215s2011 nyua sb 001 0 eng d
010 _z 2010052842
020 _z9781933864570
020 _z9781935281405 (e-book)
040 _aCaPaEBR
_cCaPaEBR
035 _a(OCoLC)733048526
050 1 4 _aRJ49
_b.C65 2011eb
245 0 0 _aColor atlas of pediatric pathology
_h[electronic resource] /
_ceditors, Aliya N. Husain, J. Thomas Stocker.
260 _aNew York :
_bDemos Medical,
_cc2011.
300 _axii, 435 p. :
_bill. (chiefly col.).
504 _aIncludes bibliographical references and index.
505 0 _aPlacenta / Raymond W. Redline -- Congenital malformation syndromes / Nicole A. Cipriani and Aliya N. Husain -- Infections / David M. Parham -- The skin / Vijaya B. Reddy -- Soft tissue lesions / Zhongxin Yu and David M. Parham -- Bone and joints / Karen S. Thompson -- The heart / Bahig M. Shehata and Charlotte K. Steelman -- The lung and mediastinum / J. Thomas Stocker and Aliya N. Husain -- The kidney / Anthony Chang, Neeraja Kambham, and Elizabeth J. Perlman -- Female and male reproductive systems / Michael K. Fritsch and Elizabeth J. Perlman -- Gastrointestinal tract / J. Thomas Stocker, Haresh Mani, and John Hart -- Liver, biliary tract, and pancreas / Haresh Mani and J. Thomas Stocker -- Thyroid, parathyroid, and adrenal glands / John Hicks -- Bone marrow, lymph nodes, spleen, and thymus / Andrea M. Sheehan -- Central nervous system and neuromuscular disease / Peter Pytel.
533 _aElectronic reproduction.
_bPalo Alto, Calif. :
_cebrary,
_d2013.
_nAvailable via World Wide Web.
_nAccess may be limited to ebrary affiliated libraries.
650 0 _aPediatric pathology
_vAtlases.
655 7 _aElectronic books.
_2local
700 1 _aHusain, Aliya N.
700 1 _aStocker, J. Thomas.
710 2 _aebrary, Inc.
856 4 0 _uhttp://site.ebrary.com/lib/rucke/Doc?id=10481063
_zAn electronic book accessible through the World Wide Web; click to view
999 _c118773
_d118773